000 nam a22 7a 4500
999 _c129548
_d129548
008 190503b xxu||||| |||| 00| 0 eng d
020 _a9780140220285
050 _aPN1993.5.A.R46 1978
245 _aEric Rhode:A history of the cinema:
_bfrom its origins to 1970
260 _aLondon:
_bPenguin,
_c1978.
300 _a674p. ;
_c20cm.
650 _aMotion pictures
_xhistory
_946208
942 _2lcc
_cMONOGRAPH